000 01137nam a2200325 i 4500
003 EG-GICUC
005 20260416132916.0
008 260416s1930 -ukabd|fr|||| 001 0 eng d
040 _aEG-GiCUC
_beng
_cEG-GiCUC
_dEG-GiCUC
_erda
041 0 _aeng
082 0 4 _221
_a341.1
_bCA
092 0 4 _221
099 _aLaw1 11 341.1 CA 1930
245 0 4 _aThe Cambridge Ancient History.
_nVolume IV,
_pThe Persian Empire And The West /
_cEdited By J. B. Bury, M.a, F.b.a. S. A. Cook, Litt.d, F. E. Adcock, M.a.
264 3 _aCambridge :
_bThe University Press,
_c1930.
300 _a698 pages :
_billustrations,
_c24 cm.
336 _2rda content
_atext
337 _2rda media
_aComputer
338 _2rda carrier
_aOnline Resource
504 _aIncludes bibliographical references and index.
504 _aBibliography: pages 613-646.
546 _aText in English
650 1 4 _aPublic international law
700 1 _aBury, J. B
_eeditor.
700 1 _aCook, S. A
_eeditor.
700 1 _aAdcock, F. E
_eeditor.
856 4 0 _uhttps://fll.law.cu.edu.eg/fulltext/bks/B11-09950.pdf
905 _a48
942 _2ddc
_cBK
_e21
_n0
999 _c71462
_d71462